00727nam a2200205 a 450000100100000000500170001000800410002702000150006804000250008310000310010824500620013925000120020126000940021330000270030749000220033450000680035650400270042471000480045183000220049900004037120201002034105.0130823s2001 mx 000 0 spa d a968369022X aDO-SdBNPbspacBNPHU1 aGonzález Martín, Nuria10aDerechos de los inmigrantes /cNuria González Martín. a2a. ed. aMéxico :bUniversidad Nacional Autónoma de México :bCámara de Diputados;,c2001. a73 p. :bil. ;c22 cm.1 aNuestros derechos aIncluye datos biográficos de los autores en la contracubierta aBibliografía : p. 732 aUniversidad Nacional Autónoma de México 0aNuestros derechos